Online
Catalog
Normal view MARC view

Entry Nombre personal

Number of records used in: 7

001 - NÚMERO DE CONTROL

  • campo de control: 79801

003 - IDENTIFICADOR DEL NÚMERO DE CONTROL

  • campo de control: BNPHU

005 - FECHA Y HORA DE LA ÚLTIMA TRANSACCIÓN

  • campo de control: 20240228140125.0

008 - DATOS DE LONGITUD FIJA

  • campo de control de longitud fija: 210909|| aca||aabn | a|a d

040 ## - FUENTE DE LA CATALOGACIÓN

  • Centro catalogador/agencia de origen: DO-SdBNP
  • Lengua de catalogación: spa
  • Centro/agencia transcriptor: BNPHU
  • Normas de descripción: rda

100 1# - ENCABEZAMIENTO-NOMBRE DE PERSONA

  • Nombre de persona: Pérez de la Iglesia, Janina,
  • Fechas asociadas al nombre: 1969-

370 ## - LUGAR ASOCIADO

  • Lugar de nacimiento: Guantanamo Bay (Cuba)

372 ## - CAMPO DE ACTIVIDAD

  • Campo de actividad: Literatura infantil

374 ## - OCUPACIÓN

  • Ocupación: Escritora

375 ## - GÉNERO/SEXO

  • Género/Sexo: Femenino

377 ## - LENGUA/LENGUAJE ASOCIADO

  • Código del idioma: spa

400 1# - TRAZADO DE VÉASE--NOMBRE DE PERSONA

  • Nombre de persona: De la Iglesia, Janina Pérez,
  • Fechas asociadas al nombre: 1969-

400 1# - TRAZADO DE VÉASE--NOMBRE DE PERSONA

  • Nombre de persona: La Iglesia, Janina Pérez de,
  • Fechas asociadas al nombre: 1969-

400 1# - TRAZADO DE VÉASE--NOMBRE DE PERSONA

  • Nombre de persona: Iglesia, Janina Pérez de la,
  • Fechas asociadas al nombre: 1969-

670 ## - FUENTE DE DATOS ENCONTRADOS

  • Cita de la fuente: Work cat.: (DO-SdBNP): Pérez de la Iglesia, Janina, 1969-, Limón azul /, 2018.

670 ## - FUENTE DE DATOS ENCONTRADOS

  • Cita de la fuente: Pérez de la Iglesia, Janina. Oro salvaje, 2010:

670 ## - FUENTE DE DATOS ENCONTRADOS

  • Cita de la fuente: Libreía Norma website Mayo 16, 2019 |b (Janina Pérez de la Iglesia nació en Guantánamo , Cuba, el 31 de mayo de 1969)

Powered by Koha